Derecho individual del trabajo
Tallennettuna:
| Päätekijä: | |
|---|---|
| Aineistotyyppi: | Kirja |
| Kieli: | espanja |
| Julkaistu: |
Buenos Aires
Rubinzal-Culzoni
2004
|
| Aiheet: | |
| Tagit: |
Lisää tagi
Ei tageja, Lisää ensimmäinen tagi!
|
MARC
| LEADER | 00000nam a2200000 a 4500 | ||
|---|---|---|---|
| 001 | UCK4550 | ||
| 003 | CL-VaPUC | ||
| 008 | 050610e20040000AG |||||||||||||||||spa|d | ||
| 020 | |a 9507275874 | ||
| 082 | 0 | 4 | |a 344.01 |b RUB |2 21 |
| 100 | 0 | |a Rubio, Valentín |e author |9 493097 | |
| 245 | 1 | 0 | |a Derecho individual del trabajo |
| 300 | |a 877 p | ||
| 942 | |c BK | ||
| 945 | |d 20050610 00:00:00 |a cmena | ||
| 260 | |a Buenos Aires |b Rubinzal-Culzoni |c 2004 | ||
| 650 | 7 | |a DERECHO LABORAL |2 CL-VaPUC |9 15 | |
| 650 | 7 | |a CONTRATO DE TRABAJO |2 CL-VaPUC |9 493098 | |
| 650 | 7 | |a REMUNERACIONES |2 CL-VaPUC |9 371777 | |
| 650 | 7 | |a JORNADA DE TRABAJO |2 CL-VaPUC |9 388087 | |
| 650 | 0 | |a Trabajadores |9 260887 | |
| 650 | 7 | |a FERIADO |2 CL-VaPUC |9 493099 | |
| 650 | 0 | |a Condiciones de trabajo |9 359118 | |
| 650 | 0 | |a Procedimiento laboral |9 256714 | |
| 583 | |a last modification |c 20050610 00:00:00 |k Rodrigo Vera | ||
| 999 | |c 313380 |d 313378 | ||
| 952 | |0 0 |1 0 |4 0 |6 344_010000000000000_RUB_2004 |7 0 |8 A |9 384704 |a BIBDER |b BIBDER |d 2019-11-22 |i 4137884 |o 344.01 RUB 2004 |p 4137884 |r 2023-01-25 |w 2019-11-22 |y BK |k DER | ||